No filter : to dobré, to špatné a to krásné /
Pojednání o zlomeném srdci, zármutku, kráse, stárnutí, vztazích, znovuobjevení a nalezení cíle. Pořízková zde v esejích odhaluje svoji duši a sdílí životní lekce, které ji mnohému naučily - často těžkým a bolestivým způsobem.
Uloženo v:
| Hlavní autor: | |
|---|---|
| Další autoři: | |
| Médium: | E-kniha |
| Jazyk: | Czech |
| Vydáno: |
V Brně :
Jota,
2023
|
| Vydání: | Vydání první |
| Témata: | |
| Tagy: |
Žádné tagy |
| LEADER | 02303nam a2200517 i 4500 | ||
|---|---|---|---|
| 001 | 311916 | ||
| 003 | CZ PrSKC | ||
| 005 | 20260601215714.0 | ||
| 007 | ta | ||
| 008 | 230425s2023 xr e 000 0acze | ||
| 015 | |a cnb003517484 | ||
| 020 | |a 9788076891500 |q (vázáno) | ||
| 035 | |a (OCoLC)1389729054 | ||
| 040 | |a BOA001 |b cze |e rda | ||
| 041 | 1 | |a cze |h eng | |
| 043 | |a n-us--- | ||
| 045 | |a x-y- | ||
| 072 | 7 | |a 687 |x Oděvní průmysl. Kosmetika. Kadeřnictví. Péče o vzhled |2 Konspekt | |
| 072 | 7 | |a 929 |x Biografie |2 Konspekt | |
| 080 | |a 687.5.01-055.2 |2 MRF | ||
| 080 | |a 929 |2 MRF | ||
| 080 | |a (73) |2 MRF | ||
| 080 | |a (0:82-94) |2 MRF | ||
| 100 | 1 | |a Pořízková, Pavlína, |d 1965- |7 ola200207481 |4 aut | |
| 240 | 1 | 0 | |a No filter. |l Česky |
| 245 | 1 | 0 | |a No filter : |b to dobré, to špatné a to krásné / |c Pavlína Pořízková ; z anglického originálu No filter ... přeložila Tereza Suchá |
| 250 | |a Vydání první | ||
| 264 | 1 | |a V Brně : |b Jota, |c 2023 | |
| 300 | |a 223 stran ; |c 22 cm | ||
| 336 | |a text |b txt |2 rdacontent | ||
| 337 | |a bez média |b n |2 rdamedia | ||
| 338 | |a svazek |b nc |2 rdacarrier | ||
| 520 | 2 | |a Pojednání o zlomeném srdci, zármutku, kráse, stárnutí, vztazích, znovuobjevení a nalezení cíle. Pořízková zde v esejích odhaluje svoji duši a sdílí životní lekce, které ji mnohému naučily - často těžkým a bolestivým způsobem. | |
| 546 | |a Český text | ||
| 600 | 1 | 7 | |a Pořízková, Pavlína, |d 1965- |7 ola200207481 |2 czenas |
| 648 | 7 | |a 20.-21. století |7 ch462155 |2 czenas | |
| 650 | 0 | 7 | |a modelky |7 ph122931 |z Spojené státy americké |y 20.-21. století |2 czenas |
| 650 | 0 | 9 | |a female models |z United States |y 20th-21st centuries |2 eczenas |
| 655 | 7 | |a autobiografické vzpomínky |7 fd131854 |2 czenas | |
| 655 | 9 | |a autobiographical reminiscences |2 eczenas | |
| 700 | 1 | |a Suchá, Tereza |7 ola20191048629 |4 trl | |
| 900 | |a ABA001 |b 20 | ||
| 044 | |a xr | ||
| 910 | |a RBIT002 | ||
| 998 | |d 374968 |a https://core.palmknihy.cz/api/books/374968/cover?rtct63 |b https://core.palmknihy.cz/api/books/374968/cover/400?rtct63 |c https://core.palmknihy.cz/api/books/374968/cover/50?rtct63 |e 2028-07-08 |g 224 |i 9788076891500 |j https://core.palmknihy.cz/api/books/374968/preview.epub |l |q 49 |r 1 |s https://www.palmknihy.cz/kniha/374968 |t ebook |y 2023 |z 0 | ||
| 999 | |d 311914 | ||